000 00265nam a22001097a 4500
008 160519b xxu||||| |||| 00| 0 eng d
020 _a0878932720
041 _aeng
080 _a575
245 _aPrinciples of population genetics;
_cDaniel L. Hartl
942 _2udc
_cBK
999 _c2251
_d2251